| 000 | 00612nam a22001815i 4500 | ||
|---|---|---|---|
| 001 | 175876 | ||
| 003 | ES-MaACL | ||
| 005 | 20230906215933.0 | ||
| 008 | 101126s1958 sp |||| | spa d | ||
| 080 | _a811.131.1'36 | ||
| 100 | 1 |
_aPetroccione, Alfredo. _9144096 |
|
| 245 | 1 | 0 |
_aNovisima gramática italiana / _cAlfredo Petroccione. |
| 260 |
_aMadrid : _bEditorial Románica, _c[s.a.]-1958. |
||
| 300 |
_a2 v. ; _c20 cm. |
||
| 505 | 8 | 0 | _aContiene: I: Prosodia.- Ortografía.- Morfología.- II: Léxico.- Síntaxis.- Cultura |
| 650 | 0 | 4 |
_aLengua italiana- _xGramática. _914290 |
| 852 |
_aES-MaACL _jE-13698-99 |
||
| 999 |
_c175876 _d175876 |
||